[Event "ENCI Limburg-open A"]
[Site "Maastricht"]
[Date "2010.05.23"]
[Round "5"]
[White "Braun, Christian1"]
[Black "Beeke, Bobby"]
[Result "1-0"]
[WhiteElo "2377"]
[BlackElo "2210"]
[PlyCount "117"]
[EventDate "2010.05.21"]
[EventType "swiss"]
[EventRounds "7"]
[EventCountry "NED"]
[Source "P.Boonen"]
[SourceDate "2010.10.01"]

1. e4 c5 2. Nf3 d6 3. g3 Nc6 4. Bg2 Nf6 5. d3 g6 6. O-O Bg7 7. Re1 Nd7 8. c3
O-O 9. Be3 Rb8 10. d4 b5 11. Qd2 Re8 12. Na3 b4 13. Nc4 Ba6 14. Bf1 Bxc4 15.
Bxc4 bxc3 16. bxc3 Na5 17. Bd3 Qc7 18. Rac1 Rb7 19. Bh6 Bh8 20. Rc2 Nc6 21. Bc4
e6 22. Bf4 Na5 23. Bf1 Rd8 24. Rd1 c4 25. Bg2 Rdb8 26. e5 d5 27. h4 Nb6 28. h5
Na4 29. Nh2 Nb2 30. Rf1 Nd3 31. Bg5 Rb2 32. Ng4 Rxc2 33. Qxc2 Bg7 34. Bf6 Rb2
35. Qa4 Nc6 36. Bxg7 Kxg7 37. Nf6 Rb8 38. Bf3 Ndxe5 39. dxe5 Nxe5 40. Ne8+ Rxe8
41. Qxe8 Nxf3+ 42. Kg2 Qe5 43. hxg6 fxg6 44. Qe7+ Kg8 45. Rb1 Ng5 46. Qe8+ Kg7
47. Rb7+ Kh6 48. Qf8+ Kh5 49. Qf4 Qxf4 50. gxf4 Ne4 51. f3 Nf6 52. Rf7 Ng8 53.
Rxh7+ Nh6 54. Rxa7 g5 55. Re7 d4 56. cxd4 Nf5 57. Rxe6 c3 58. Rc6 c2 59. d5 1-0

[Event "ENCI Limburg-open A"]
[Site "Maastricht"]
[Date "2010.05.23"]
[Round "5"]
[White "Coenen, Eduard"]
[Black "Dalemans, Diana"]
[Result "1-0"]
[WhiteElo "2140"]
[BlackElo "1906"]
[PlyCount "34"]
[EventDate "2010.05.21"]
[EventType "swiss"]
[EventRounds "7"]
[EventCountry "NED"]
[Source "P.Boonen"]
[SourceDate "2010.10.01"]

1. d4 Nf6 2. c3 d5 3. Nf3 Bg4 4. Ne5 Bf5 5. Qb3 b6 6. e4 Bd7 7. exd5 a6 8. Bc4
b5 9. d6 bxc4 10. Qxc4 Be6 11. dxc7 Qc8 12. cxb8=Q Rxb8 13. Qc6+ Nd7 14. O-O g6
15. Bf4 Qd8 16. d5 Bf5 17. d6 e6 1-0

[Event "ENCI Limburg-open A"]
[Site "Maastricht"]
[Date "2010.05.23"]
[Round "5"]
[White "Dambacher, Martijn"]
[Black "Larmuseau, Maarten"]
[Result "1-0"]
[WhiteElo "2486"]
[BlackElo "2267"]
[PlyCount "109"]
[EventDate "2010.05.21"]
[EventType "swiss"]
[EventRounds "7"]
[EventCountry "NED"]
[Source "P.Boonen"]
[SourceDate "2010.10.01"]

1. d4 Nf6 2. c4 e6 3. Nf3 c5 4. Nc3 d6 5. d5 exd5 6. cxd5 g6 7. e4 a6 8. a4 Bg4
9. Be2 Bg7 10. O-O O-O 11. Bf4 Re8 12. Nd2 Bxe2 13. Qxe2 Nh5 14. Be3 Nd7 15. g4
Nhf6 16. h3 h6 17. Kg2 Nh7 18. Rae1 Rb8 19. f3 Nhf8 20. Nc4 Ne5 21. Nxe5 Rxe5
22. f4 Re8 23. Qf3 Nd7 24. e5 dxe5 25. f5 e4 26. Nxe4 Ne5 27. Qd1 c4 28. Bf4
Qb6 29. fxg6 Qxg6 30. Ng3 Rbd8 31. Bxe5 Rxe5 32. Rxe5 Bxe5 33. Nf5 Rd7 34. Qe2
Qf6 35. Qxc4 Rd8 36. Qe4 Bd6 37. Qe3 Bf8 38. Qd2 Qc6 39. dxc6 Rxd2+ 40. Rf2
Rxf2+ 41. Kxf2 bxc6 42. h4 f6 43. h5 Kf7 44. Ke3 Ke6 45. Ke4 a5 46. Nd4+ Kd7
47. Kf5 Bc5 48. Nb3 Bb4 49. Kg6 c5 50. Kxh6 c4 51. Nd4 f5 52. gxf5 Bd2+ 53. Kg6
Bc1 54. h6 Bxb2 55. h7 1-0

[Event "ENCI Limburg-open A"]
[Site "Maastricht"]
[Date "2010.05.23"]
[Round "5"]
[White "Fedorchuk, Sergey A"]
[Black "Bok, Benjamin"]
[Result "1/2-1/2"]
[WhiteElo "2646"]
[BlackElo "2430"]
[PlyCount "57"]
[EventDate "2010.05.21"]
[EventType "swiss"]
[EventRounds "7"]
[EventCountry "NED"]
[Source "P.Boonen"]
[SourceDate "2010.10.01"]

1. e4 e5 2. Nf3 Nc6 3. Bb5 a6 4. Ba4 Nf6 5. O-O b5 6. Bb3 Bc5 7. c3 d6 8. a4
Rb8 9. d4 Bb6 10. a5 Ba7 11. h3 O-O 12. Be3 exd4 13. cxd4 Nxe4 14. Bd5 Qe8 15.
Re1 Nf6 16. Nc3 Nxd5 17. Nxd5 Qd7 18. Ng5 Qf5 19. Nxc7 Rb7 20. g4 Qg6 21. Nd5
Bxd4 22. Qc1 Bxe3 23. Qxc6 Bxg5 24. Re8 Rb8 25. Rxf8+ Kxf8 26. Qc7 Ra8 27. Qc6
Rb8 28. Qc7 Ra8 29. Qc6 1/2-1/2

[Event "ENCI Limburg-open A"]
[Site "Maastricht"]
[Date "2010.05.23"]
[Round "5"]
[White "Friesen, Boris"]
[Black "Van Vliet, Dennis"]
[Result "1/2-1/2"]
[WhiteElo "2080"]
[BlackElo "2104"]
[PlyCount "25"]
[EventDate "2010.05.21"]
[EventType "swiss"]
[EventRounds "7"]
[EventCountry "NED"]
[Source "P.Boonen"]
[SourceDate "2010.10.01"]

1. e4 e6 2. d4 d5 3. Nc3 Nf6 4. exd5 exd5 5. Bd3 Bg4 6. Nge2 Nc6 7. Be3 Bh5 8.
Qd2 Bg6 9. O-O-O Qd7 10. Ng3 O-O-O 11. Bxg6 hxg6 12. h3 a6 13. Bg5 1/2-1/2

[Event "ENCI Limburg-open A"]
[Site "Maastricht"]
[Date "2010.05.23"]
[Round "5"]
[White "Gharamian, Tigran"]
[Black "Nijboer, Friso"]
[Result "1-0"]
[WhiteElo "2632"]
[BlackElo "2567"]
[PlyCount "49"]
[EventDate "2010.05.21"]
[EventType "swiss"]
[EventRounds "7"]
[EventCountry "NED"]
[Source "P.Boonen"]
[SourceDate "2010.10.01"]

1. d4 f5 2. Nf3 Nf6 3. g3 g6 4. Bg2 Bg7 5. O-O O-O 6. c4 d6 7. Nc3 Qe8 8. Re1
Qf7 9. e4 Nxe4 10. Nxe4 fxe4 11. Rxe4 Bf5 12. Ng5 Qf6 13. Rh4 h6 14. Bd5+ e6
15. Nxe6 Bxe6 16. Rf4 Bxd5 17. Rxf6 Rxf6 18. cxd5 Nd7 19. Qc2 Rc8 20. Qa4 Nb6
21. Qxa7 Re8 22. Be3 Nxd5 23. Qxb7 Nxe3 24. fxe3 Rxe3 25. Rf1 1-0

[Event "ENCI Limburg-open A"]
[Site "Maastricht"]
[Date "2010.05.23"]
[Round "5"]
[White "Groot, Simon"]
[Black "Schut, Han"]
[Result "0-1"]
[WhiteElo "2026"]
[BlackElo "2133"]
[PlyCount "62"]
[EventDate "2010.05.21"]
[EventType "swiss"]
[EventRounds "7"]
[EventCountry "NED"]
[Source "P.Boonen"]
[SourceDate "2010.10.01"]

1. e4 c5 2. Nf3 d6 3. d4 cxd4 4. Nxd4 Nf6 5. Nc3 a6 6. Be2 e5 7. Nb3 Be7 8. O-O
Be6 9. Be3 Nbd7 10. f4 exf4 11. Bxf4 Ne5 12. Kh1 O-O 13. Nd4 Rc8 14. Nxe6 fxe6
15. Bxe5 dxe5 16. Qxd8 Rfxd8 17. Bd3 Bb4 18. Nd1 Bc5 19. g3 Kf7 20. Kg2 Ke7 21.
h3 Rf8 22. Nc3 Bd4 23. Ne2 Nd7 24. c3 Ba7 25. Rxf8 Rxf8 26. Rf1 Rd8 27. Bc2 Nc5
28. Kf3 Rd2 29. Rc1 Nd3 30. Bxd3 Rxd3+ 31. Kg2 Rd2 0-1

[Event "ENCI Limburg-open A"]
[Site "Maastricht"]
[Date "2010.05.23"]
[Round "5"]
[White "Heltzel, Joost"]
[Black "Smith, Thijmen"]
[Result "0-1"]
[WhiteElo "2265"]
[BlackElo "2091"]
[PlyCount "68"]
[EventDate "2010.05.21"]
[EventType "swiss"]
[EventRounds "7"]
[EventCountry "NED"]
[Source "P.Boonen"]
[SourceDate "2010.10.01"]

1. e4 c5 2. Nc3 d6 3. f4 Nc6 4. Nf3 g6 5. Bb5 Bd7 6. O-O Bg7 7. d3 e6 8. Bxc6
Bxc6 9. Qe1 Qb6 10. Nd5 Qd8 11. Rb1 Ne7 12. Nc3 O-O 13. Bd2 b5 14. Ne2 Bb7 15.
Bc3 Rc8 16. Bxg7 Kxg7 17. Ng3 e5 18. f5 gxf5 19. exf5 f6 20. Kh1 Kh8 21. Qd2
Rg8 22. Ng1 d5 23. Rbe1 d4 24. Ne4 Nd5 25. Rf3 Ne3 26. Rfxe3 dxe3 27. Qxe3 Bxe4
28. Qxe4 Qd4 29. Nf3 Qxb2 30. d4 exd4 31. Ne5 Rce8 32. Qc6 fxe5 33. f6 Qxa2 34.
Qb7 Ref8 0-1

[Event "ENCI Limburg-open A"]
[Site "Maastricht"]
[Date "2010.05.23"]
[Round "5"]
[White "Henrichs, Thomas"]
[Black "Brandenburg, Daan"]
[Result "1-0"]
[WhiteElo "2482"]
[BlackElo "2503"]
[PlyCount "79"]
[EventDate "2010.05.21"]
[EventType "swiss"]
[EventRounds "7"]
[EventCountry "NED"]
[Source "P.Boonen"]
[SourceDate "2010.10.01"]

1. d4 d5 2. c4 e6 3. Nc3 Nf6 4. cxd5 exd5 5. Bg5 Be7 6. e3 c6 7. Bd3 Nbd7 8.
Qc2 O-O 9. Nf3 Re8 10. O-O Nf8 11. h3 g6 12. Bh6 Ne6 13. Ne5 Ng7 14. g4 Nd7 15.
f4 Nxe5 16. fxe5 Bg5 17. Bxg5 Qxg5 18. Qf2 Be6 19. Rae1 Qe7 20. Qg3 Qg5 21. Qf4
Qe7 22. Qh6 Qf8 23. Rf3 c5 24. a3 Rec8 25. Ref1 Ne8 26. Qh4 cxd4 27. exd4 Rc7
28. Bf5 Qe7 29. Qh6 Rd8 30. Ne2 Ng7 31. Bd3 Rdc8 32. Ng3 Qf8 33. Rf6 Rc6 34.
Qg5 Qd8 35. Nf5 Bxf5 36. gxf5 Rxf6 37. exf6 Ne8 38. fxg6 hxg6 39. Bxg6 fxg6 40.
f7+ 1-0

[Event "ENCI Limburg-open A"]
[Site "Maastricht"]
[Date "2010.05.23"]
[Round "5"]
[White "Henzen, Arno"]
[Black "Holm, Sejer"]
[Result "1-0"]
[WhiteElo "2186"]
[BlackElo "2253"]
[PlyCount "71"]
[EventDate "2010.05.21"]
[EventType "swiss"]
[EventRounds "7"]
[EventCountry "NED"]
[Source "P.Boonen"]
[SourceDate "2010.10.01"]

1. Nf3 d5 2. d4 e6 3. c4 Nf6 4. g3 dxc4 5. Qa4+ Bd7 6. Qxc4 Bc6 7. Bg2 Nbd7 8.
Nc3 Nb6 9. Qd3 Bb4 10. O-O Bxc3 11. Qxc3 O-O 12. Bf4 Nbd5 13. Qc1 Nxf4 14. Qxf4
Qe7 15. Rfe1 Be4 16. Rac1 Rac8 17. g4 Qd6 18. Qe3 Bd5 19. h3 Bxa2 20. b3 Nd5
21. Qd3 a5 22. Nd2 Nb4 23. Qc3 Rfd8 24. e3 b6 25. Nc4 Qf8 26. Red1 a4 27. bxa4
Bxc4 28. Qxc4 Nd5 29. Qb3 Qd6 30. Rc4 g5 31. Rdc1 Qd7 32. Qc2 c5 33. dxc5 Rxc5
34. Rxc5 bxc5 35. Qxc5 Qxa4 36. e4 1-0

[Event "ENCI Limburg-open A"]
[Site "Maastricht"]
[Date "2010.05.23"]
[Round "5"]
[White "Kempen, Leon"]
[Black "Favier, Alain"]
[Result "0-1"]
[WhiteElo "2018"]
[BlackElo "2097"]
[PlyCount "56"]
[EventDate "2010.05.21"]
[EventType "swiss"]
[EventRounds "7"]
[EventCountry "NED"]
[Source "P.Boonen"]
[SourceDate "2010.10.01"]

1. e4 c5 2. Nf3 d6 3. Bc4 e6 4. O-O a6 5. d3 Be7 6. Bb3 Nc6 7. c3 Bf6 8. Re1
Nge7 9. Nbd2 O-O 10. Nf1 Ng6 11. g3 b6 12. h4 d5 13. h5 Nge5 14. Nxe5 Bxe5 15.
f4 Bc7 16. Qf3 Bb7 17. Qg4 Kh8 18. e5 b5 19. Bc2 d4 20. Nd2 c4 21. Ne4 cxd3 22.
Bxd3 dxc3 23. h6 gxh6 24. Qd1 Nb4 25. Nc5 cxb2 26. Nxb7 bxa1=Q 27. Nxd8 Rfxd8
28. f5 Nxd3 0-1

[Event "ENCI Limburg-open A"]
[Site "Maastricht"]
[Date "2010.05.23"]
[Round "5"]
[White "Larmuseau, Michiel"]
[Black "Bomans, Arno"]
[Result "0-1"]
[WhiteElo "2068"]
[BlackElo "2187"]
[PlyCount "54"]
[EventDate "2010.05.21"]
[EventType "swiss"]
[EventRounds "7"]
[EventCountry "NED"]
[Source "P.Boonen"]
[SourceDate "2010.10.01"]

1. e4 c5 2. Nc3 d6 3. f4 g6 4. Nf3 Bg7 5. Bb5+ Nd7 6. d3 e6 7. O-O Ne7 8. Qe1
O-O 9. Qh4 a6 10. Bxd7 Bxd7 11. a4 Nc6 12. Qf2 Nd4 13. Be3 Qb6 14. Rfb1 Nxf3+
15. Qxf3 f5 16. a5 Qc7 17. Na4 Bc6 18. Qh3 fxe4 19. dxe4 Bxe4 20. Qxe6+ Kh8 21.
Rd1 Rae8 22. Qxd6 Qxd6 23. Rxd6 Bxc2 24. Bd2 Bd4+ 25. Rxd4 cxd4 26. Nc5 Re2 27.
Bb4 Rxf4 0-1

[Event "ENCI Limburg-open A"]
[Site "Maastricht"]
[Date "2010.05.23"]
[Round "5"]
[White "Laurent, Bruno"]
[Black "Swinkels, Robin"]
[Result "1/2-1/2"]
[WhiteElo "2330"]
[BlackElo "2493"]
[PlyCount "41"]
[EventDate "2010.05.21"]
[EventType "swiss"]
[EventRounds "7"]
[EventCountry "NED"]
[Source "P.Boonen"]
[SourceDate "2010.10.01"]

1. e4 c5 2. c3 Nf6 3. e5 Nd5 4. d4 cxd4 5. Nf3 e6 6. cxd4 d6 7. Bc4 Nc6 8. O-O
Be7 9. exd6 Qxd6 10. Nc3 O-O 11. Re1 a6 12. Bxd5 exd5 13. Ne5 Be6 14. Bf4 Nxe5
15. Bxe5 Qd8 16. Na4 Re8 17. Qb3 b5 18. Nc5 Bf8 19. Rac1 Ra7 20. h3 Bc8 21. Bg3
1/2-1/2

[Event "ENCI Limburg-open A"]
[Site "Maastricht"]
[Date "2010.05.23"]
[Round "5"]
[White "Lesman, Francis"]
[Black "De Reymaeker, Walter"]
[Result "1-0"]
[WhiteElo "2087"]
[BlackElo "2028"]
[PlyCount "65"]
[EventDate "2010.05.21"]
[EventType "swiss"]
[EventRounds "7"]
[EventCountry "NED"]
[Source "P.Boonen"]
[SourceDate "2010.10.01"]

1. d4 g6 2. e4 d6 3. Nc3 Bg7 4. Be3 Nd7 5. Qd2 a6 6. h4 Ngf6 7. f3 h5 8. O-O-O
b5 9. Nh3 Nb6 10. Bd3 Nc4 11. Bxc4 bxc4 12. Qe2 O-O 13. Nf4 Bd7 14. e5 Nh7 15.
e6 Bxe6 16. Nxe6 fxe6 17. Qxc4 Qd7 18. Qd3 Rf5 19. Qe2 Rb8 20. g4 Ra5 21. gxh5
c5 22. hxg6 Nf6 23. h5 cxd4 24. Rxd4 Qb7 25. h6 Qxb2+ 26. Kd2 Rc8 27. Rc4 Ne4+
28. Nxe4 Rd5+ 29. Ke1 Rxc4 30. Qxc4 Qa1+ 31. Ke2 Qxh1 32. Qc8+ Bf8 33. Qxe6+
1-0

[Event "ENCI Limburg-open A"]
[Site "Maastricht"]
[Date "2010.05.23"]
[Round "5"]
[White "Luncescu, Christian"]
[Black "Sprangers, Remco"]
[Result "0-1"]
[WhiteElo "2131"]
[BlackElo "2287"]
[PlyCount "76"]
[EventDate "2010.05.21"]
[EventType "swiss"]
[EventRounds "7"]
[EventCountry "NED"]
[Source "P.Boonen"]
[SourceDate "2010.10.01"]

1. e4 c5 2. Nc3 Nc6 3. g3 g6 4. Bg2 Bg7 5. d3 d6 6. Be3 Nf6 7. h3 Bd7 8. Qd2 h5
9. Nge2 b5 10. O-O h4 11. g4 Nxg4 12. hxg4 h3 13. f3 hxg2 14. Kxg2 b4 15. Nd1
Qc8 16. Nf2 Bxb2 17. Rab1 Be5 18. Rh1 Qa6 19. d4 cxd4 20. Nxd4 Rxh1 21. Rxh1
Qc4 22. Nxc6 Bxc6 23. Nd3 Bc3 24. Qe2 Bb5 25. Bf2 O-O-O 26. Bxa7 Qxa2 27. Qf2
Bxd3 28. cxd3 Qxf2+ 29. Bxf2 Kd7 30. Rb1 Kc6 31. Be3 Ra8 32. Kf1 Ra2 33. Bg5 f6
34. Be3 Kb5 35. Bf4 Ka4 36. Bc1 b3 37. Kg1 Bd4+ 38. Kh1 Ra1 0-1

[Event "ENCI Limburg-open A"]
[Site "Maastricht"]
[Date "2010.05.23"]
[Round "5"]
[White "Maciol, Ryszard"]
[Black "Reymann, Cedric"]
[Result "1-0"]
[WhiteElo "2222"]
[BlackElo "2144"]
[PlyCount "121"]
[EventDate "2010.05.21"]
[EventType "swiss"]
[EventRounds "7"]
[EventCountry "NED"]
[Source "P.Boonen"]
[SourceDate "2010.10.01"]

1. d4 Nf6 2. c4 c5 3. d5 b5 4. cxb5 a6 5. e3 Bb7 6. Nc3 axb5 7. Bxb5 e6 8. Bc4
Qa5 9. Bd2 Qb6 10. Qb3 Qxb3 11. Bxb3 exd5 12. Nge2 Na6 13. O-O Nc7 14. Rfd1 Bd6
15. Be1 O-O 16. f3 Rfe8 17. Bf2 Bc6 18. Rd2 h6 19. Rad1 Reb8 20. Bh4 Be5 21.
Bc2 Kf8 22. Bf5 Rb4 23. f4 Ng8 24. a3 Bxc3 25. Nxc3 Rb3 26. Rc1 Rab8 27. Nd1 d6
28. e4 g6 29. exd5 Bxd5 30. Bb1 R3b6 31. f5 g5 32. Bg3 Nf6 33. b4 R8b7 34. Ne3
Kg7 35. Bf2 Ra6 36. bxc5 dxc5 37. Nxd5 Ncxd5 38. Bxc5 Rc7 39. Bd3 Rxc5 40. Rxc5
Rxa3 41. Rc1 Nf4 42. Bc4 Ra5 43. g3 N4d5 44. Re1 Rc5 45. Bxd5 Rxd5 46. Rxd5
Nxd5 47. Re5 Nb4 48. h3 h5 49. Kg2 g4 50. hxg4 hxg4 51. Rb5 Nc2 52. Kf2 Kf6 53.
Rd5 Nb4 54. Rd7 Kxf5 55. Rxf7+ Kg6 56. Rd7 Kf5 57. Ke3 Ke6 58. Rb7 Nd5+ 59. Ke4
Nf6+ 60. Kf4 Kd6 61. Kg5 1-0

[Event "ENCI Limburg-open A"]
[Site "Maastricht"]
[Date "2010.05.23"]
[Round "5"]
[White "Memeti, Kastriot"]
[Black "Hortensius, Lisa"]
[Result "1-0"]
[WhiteElo "2202"]
[BlackElo "2063"]
[PlyCount "53"]
[EventDate "2010.05.21"]
[EventType "swiss"]
[EventRounds "7"]
[EventCountry "NED"]
[Source "P.Boonen"]
[SourceDate "2010.10.01"]

1. d4 Nf6 2. Nf3 g6 3. Bf4 Bg7 4. e3 O-O 5. Be2 d6 6. O-O Nbd7 7. h3 c6 8. c4
Qc7 9. Nc3 e5 10. Bh2 Ne8 11. b4 h6 12. Qb3 Kh7 13. Rac1 f5 14. dxe5 dxe5 15.
Rfd1 Bf6 16. c5 Ng7 17. Na4 a6 18. Nb2 Ne8 19. Nc4 Kg7 20. Rd2 g5 21. Nd4 Nb8
22. Nb6 Ra7 23. Nxc8 Qxc8 24. Ne6+ Kg8 25. Nxf8+ Kxf8 26. Bh5 Qc7 27. Bxe8 1-0

[Event "ENCI Limburg-open A"]
[Site "Maastricht"]
[Date "2010.05.23"]
[Round "5"]
[White "Meyer, Henri"]
[Black "Mengerink, Ynze"]
[Result "0-1"]
[WhiteElo "1978"]
[BlackElo "2093"]
[PlyCount "79"]
[EventDate "2010.05.21"]
[EventType "swiss"]
[EventRounds "7"]
[EventCountry "NED"]
[Source "P.Boonen"]
[SourceDate "2010.10.01"]

1. d4 d5 2. c4 c6 3. Nc3 dxc4 4. a4 e5 5. Nf3 exd4 6. Qxd4 Qxd4 7. Nxd4 Bc5 8.
Nf3 Na6 9. Ne4 Nb4 10. Kd1 Be7 11. Ng3 Be6 12. Bd2 O-O-O 13. Kc1 Nf6 14. a5 h5
15. Ng5 h4 16. N3e4 Nxe4 17. Nxe4 Rd7 18. Ra4 Na6 19. Be3 f5 20. Nc3 Bc5 21.
Bg5 Bxf2 22. Kc2 Nc5 23. Ra1 f4 24. Bxf4 Rf8 25. g3 Bf5+ 26. e4 Nxe4 27. Kc1
hxg3 28. hxg3 Nxg3 29. Rh2 Be3+ 30. Bxe3 Nxf1 31. Re2 Re8 32. Bxa7 Rde7 33.
Rxe7 Rxe7 34. Nd1 Re2 35. Ra3 Rc2+ 36. Kb1 Nd2+ 37. Ka2 Nb3 38. Nc3 Rc1 39.
Rxb3 Bb1+ 40. Ka3 0-1

[Event "ENCI Limburg-open A"]
[Site "Maastricht"]
[Date "2010.05.23"]
[Round "5"]
[White "Michiels, Bart"]
[Black "Hoffmeister, Frank1"]
[Result "1-0"]
[WhiteElo "2459"]
[BlackElo "2173"]
[PlyCount "139"]
[EventDate "2010.05.21"]
[EventType "swiss"]
[EventRounds "7"]
[EventCountry "NED"]
[Source "P.Boonen"]
[SourceDate "2010.10.01"]

1. e4 c6 2. d4 d5 3. Nc3 dxe4 4. Nxe4 Bf5 5. Ng3 Bg6 6. Nh3 Nf6 7. Nf4 e5 8.
Nxg6 hxg6 9. dxe5 Qa5+ 10. Bd2 Qxe5+ 11. Qe2 Qxe2+ 12. Bxe2 Bc5 13. O-O Nbd7
14. Rad1 Rh4 15. Bg5 Rd4 16. c3 Rxd1 17. Rxd1 O-O-O 18. Kf1 Re8 19. h3 Nb6 20.
Bd3 Re5 21. Bc1 Rd5 22. Bc2 Rxd1+ 23. Bxd1 Nbd5 24. Bc2 Kd7 25. Ne2 Bd6 26. g3
a6 27. Nd4 Ke7 28. Ke2 Nd7 29. Be4 Nc7 30. Bc2 Nc5 31. b4 Nd7 32. Nb3 b6 33.
Nd4 c5 34. Nc6+ Ke8 35. Be4 cxb4 36. cxb4 Nf6 37. Bg2 Ncd5 38. a3 Kd7 39. Nd4
Be5 40. Kd3 b5 41. Nf3 Bc7 42. Ng5 Ke7 43. Bb2 Nb6 44. Ne4 Nc4 45. Bc1 Nxe4 46.
Bxe4 Ke6 47. f4 a5 48. bxa5 Bxa5 49. Bc6 Nd6 50. Be3 Be1 51. g4 Bg3 52. Kd4 f6
53. Kc5 Be1 54. Bxb5 Nxb5 55. Kxb5 Kd5 56. a4 Ke4 57. Bc1 Bf2 58. a5 Kf3 59. a6
Kg3 60. Ba3 Ba7 61. Bc5 Bb8 62. Kc6 Kxh3 63. Kb7 Bxf4 64. a7 Kxg4 65. a8=Q g5
66. Kc6 Kg3 67. Kd5 g4 68. Ke4 Be5 69. Kf5 Kh3 70. Qh1+ 1-0

[Event "ENCI Limburg-open A"]
[Site "Maastricht"]
[Date "2010.05.23"]
[Round "5"]
[White "Nabuurs, Mart"]
[Black "Hetey, Laszlo"]
[Result "0-1"]
[WhiteElo "2161"]
[BlackElo "2351"]
[PlyCount "108"]
[EventDate "2010.05.21"]
[EventType "swiss"]
[EventRounds "7"]
[EventCountry "NED"]
[Source "P.Boonen"]
[SourceDate "2010.10.01"]

1. e4 e5 2. Bc4 Nc6 3. Nf3 Bc5 4. c3 Nf6 5. d4 exd4 6. cxd4 Bb4+ 7. Bd2 Bxd2+
8. Nbxd2 d5 9. exd5 Nxd5 10. O-O O-O 11. Nb3 Bg4 12. Qd3 Nb6 13. Ne5 Nxe5 14.
dxe5 Qe7 15. Qe4 Nxc4 16. Qxc4 Be6 17. Qf4 c5 18. Rfd1 Rfe8 19. h3 h6 20. Qe3
b6 21. f4 Rad8 22. Qf3 a5 23. Rxd8 Rxd8 24. Rd1 c4 25. Nc1 Qc5+ 26. Kh2 Rxd1
27. Qxd1 Qf2 28. Ne2 Kh7 29. Ng3 Qxf4 30. Qc2+ g6 31. Qe4 Qxe4 32. Nxe4 b5 33.
Kg3 b4 34. Kf2 c3 35. bxc3 Bxa2 36. cxb4 axb4 37. Nc5 Bd5 38. g3 g5 39. Ke3 Kg6
40. Kd4 b3 41. Nd3 Be6 42. g4 h5 43. Kc3 hxg4 44. hxg4 Bxg4 45. Kxb3 Kf5 46.
Kc3 Ke4 47. Kd2 Be6 48. Nc5+ Kf3 49. Ke1 Bc4 50. Nd7 g4 51. e6 Bxe6 52. Ne5+
Kf4 53. Nc6 Kg3 54. Kf1 Kh2 0-1

[Event "ENCI Limburg-open A"]
[Site "Maastricht"]
[Date "2010.05.23"]
[Round "5"]
[White "Nijs, Nils"]
[Black "Groffen, Hans"]
[Result "1/2-1/2"]
[WhiteElo "2250"]
[BlackElo "2149"]
[PlyCount "75"]
[EventDate "2010.05.21"]
[EventType "swiss"]
[EventRounds "7"]
[EventCountry "NED"]
[Source "P.Boonen"]
[SourceDate "2010.10.01"]

1. d4 d5 2. c4 c6 3. Nf3 Nf6 4. Nc3 a6 5. a4 e6 6. g3 dxc4 7. Bg2 c5 8. dxc5
Qxd1+ 9. Nxd1 Bxc5 10. Ne5 Nd5 11. Ne3 Nb4 12. O-O f6 13. N5xc4 N8c6 14. Bd2
Bd7 15. Rfd1 Ke7 16. Bxb4 Bxb4 17. Nb6 Rad8 18. Rac1 Be8 19. Kf1 h5 20. Nbc4
Rxd1+ 21. Rxd1 Bg6 22. Rc1 Rd8 23. Bf3 Be8 24. Nc2 Bd6 25. Nxd6 Rxd6 26. Ne3 g5
27. h3 f5 28. Nc4 Rd8 29. Bg2 Kf6 30. e3 Nb4 31. Nb6 Bc6 32. Bxc6 Nxc6 33. Ke2
g4 34. hxg4 hxg4 35. Rh1 Kg6 36. Rc1 Kf6 37. Rh1 Kg6 38. Rc1 1/2-1/2

[Event "ENCI Limburg-open A"]
[Site "Maastricht"]
[Date "2010.05.23"]
[Round "5"]
[White "Ondersteijn, Niels"]
[Black "Hamblok, Roel"]
[Result "0-1"]
[WhiteElo "2276"]
[BlackElo "2145"]
[PlyCount "102"]
[EventDate "2010.05.21"]
[EventType "swiss"]
[EventRounds "7"]
[EventCountry "NED"]
[Source "P.Boonen"]
[SourceDate "2010.10.01"]

1. e4 Nf6 2. e5 Nd5 3. d4 d6 4. c4 Nb6 5. exd6 exd6 6. Nc3 Nc6 7. d5 Ne5 8. f4
Ng6 9. Nf3 Be7 10. Bd3 Bg4 11. h3 Bh4+ 12. Kf1 Bxf3 13. Qxf3 O-O 14. g3 Bf6 15.
Bd2 Nd7 16. h4 Bd4 17. h5 Bxc3 18. hxg6 Bxd2 19. Rxh7 fxg6 20. Bxg6 Qg5 21.
fxg5 Rxf3+ 22. Ke2 Ne5 23. Rah1 Nxg6 24. Kxf3 Bxg5 25. R7h5 Bf6 26. b3 Kf7 27.
Rc1 Be5 28. g4 a5 29. a4 Kg8 30. Ke4 Rf8 31. Rf5 Re8 32. Rcf1 Bf6+ 33. Kd3 Ne5+
34. Kd2 Nxg4 35. Rg1 Re4 36. Rf3 Kf7 37. Rh1 Ne5 38. Rg3 Ng6 39. Rf3 Rg4 40.
Rhf1 Rh4 41. R1f2 Ne5 42. Rg3 Nd7 43. Kc2 Nc5 44. Rff3 Rh2+ 45. Kd1 Ne4 46. Rg1
Ra2 47. Re1 Nc3+ 48. Kc1 Ne2+ 49. Kd1 Nd4 50. Rg3 Ra1+ 51. Kd2 Rxe1 0-1

[Event "ENCI Limburg-open A"]
[Site "Maastricht"]
[Date "2010.05.23"]
[Round "5"]
[White "Rendboe, John"]
[Black "Edeling, Jeroen"]
[Result "1-0"]
[WhiteElo "2274"]
[BlackElo "2114"]
[PlyCount "93"]
[EventDate "2010.05.21"]
[EventType "swiss"]
[EventRounds "7"]
[EventCountry "NED"]
[Source "P.Boonen"]
[SourceDate "2010.10.01"]

1. d4 Nf6 2. c4 g6 3. Nc3 d5 4. cxd5 Nxd5 5. e4 Nxc3 6. bxc3 Bg7 7. Bc4 c5 8.
Ne2 Nc6 9. Be3 O-O 10. O-O Qc7 11. Rc1 Rd8 12. h3 e5 13. d5 Na5 14. Bd3 c4 15.
Bc2 f5 16. f4 fxe4 17. Bxe4 exf4 18. Bxf4 Qc5+ 19. Kh1 Be6 20. Bg5 Rd7 21. Qa4
Rf7 22. dxe6 Rxf1+ 23. Rxf1 Qxg5 24. Qd7 Qd8 25. Qf7+ Kh8 26. Nf4 Qe8 27. Nd5
Be5 28. Nc7 Qxf7 29. exf7 Bxc7 30. f8=Q+ Rxf8 31. Rxf8+ Kg7 32. Re8 Kf7 33. Rc8
Be5 34. Bd5+ Ke7 35. Bxc4 Nxc4 36. Rxc4 Kd6 37. Kg1 h5 38. Kf1 g5 39. Ke2 h4
40. Kd3 Kd5 41. Rc8 a5 42. c4+ Kd6 43. Ke4 Bf4 44. c5+ Kd7 45. Rg8 Kc6 46. Kd4
Bc1 47. Kc4 1-0

[Event "ENCI Limburg-open A"]
[Site "Maastricht"]
[Date "2010.05.23"]
[Round "5"]
[White "Richter, Goetz"]
[Black "Verstraeten, Reinaert"]
[Result "0-1"]
[WhiteElo "2080"]
[BlackElo "2007"]
[PlyCount "114"]
[EventDate "2010.05.21"]
[EventType "swiss"]
[EventRounds "7"]
[EventCountry "NED"]
[Source "P.Boonen"]
[SourceDate "2010.10.01"]

1. e4 c5 2. Nf3 d6 3. d4 cxd4 4. Nxd4 Nf6 5. Nc3 a6 6. Be3 Ng4 7. Bg5 h6 8. Bh4
g5 9. Bg3 Bg7 10. Be2 h5 11. Bxg4 Bxg4 12. f3 Bd7 13. Bf2 Nc6 14. Qd2 Rc8 15.
Rd1 Ne5 16. b3 g4 17. f4 Ng6 18. Nce2 h4 19. Nf5 Bf6 20. O-O Bc6 21. Qe3 Qa5
22. Ned4 Bd7 23. c4 Qc7 24. Ne2 Rh5 25. Nfd4 Kf8 26. Qd2 b5 27. f5 Ne5 28. Nf4
Bg5 29. cxb5 axb5 30. Be3 Bxf4 31. Rxf4 h3 32. Ne6+ Bxe6 33. fxe6 f6 34. Bd4
Rg5 35. Rf5 Rg6 36. Bxe5 dxe5 37. g3 Qc5+ 38. Qf2 Qc6 39. Rxe5 Kg7 40. Red5
Qxe6 41. Rxb5 Qxe4 42. Re1 Qd3 43. Rb7 Kg8 44. Rbxe7 Qd5 45. Qe2 Rc6 46. Rd1
Qc5+ 47. Kh1 Rc8 48. Qe6+ Kh8 49. Qd7 Rf8 50. Qc7 Qf5 51. Qf4 Qc2 52. Qd2 Qc6+
53. Qd5 Qxd5+ 54. Rxd5 f5 55. Kg1 Rc6 56. Kf2 Rc1 57. Ke3 Re1+ 0-1